000 00470nam a2200133Ia 4500
008 100328s9999 xx 000 0 und d
082 _b29644
100 _aफडके माुसूदन
245 _aमधुच्छंद (कवितासंग्रह)
260 _bउल्हास
630 _aमधुच्छंद (कवितासंग्रह)
730 _aमधुच्छंद (कवितासंग्रह)
942 _cBOOK
999 _c520660
_d520657